000 00532nam a2200217Ia 4500
999 _c143
_d143
003 0100
008 130227s9999 xx 000 0 und d
040 _cARRUPELIB
050 _aGN668.C6 1957
100 _aCodrington, Robert Henry
_938183
245 4 _aThe Melanesians:
_bstudies in their anthropology and folklore /
260 _aNew Haven
_bHRAF Press
_c1957
300 _axiii
300 _b 419p 22cm
440 _aBehavior science reprints
_938184
650 _aMelanesians
_938185
942 _2lcc
_cMONOGRAPH